000 00907nmm a2200277 a 4500
001 ocm000645362
003 TR-IsHL
005 20201028142005.0
008 131226s2011 tu tur
007 cr cn
020 _a9786054421961
035 _a645362
_b(N$T)
050 0 4 _aNA1364
_b.O85 2011
090 0 4 _aNA1364
_b.O85 2011
245 1 0 _aOsmanlı mimarisi
_h[electronic resource] /
_chaz. İlhan Ovalıoğlu... [ve öte] ; ed. Selman Kılınç
260 _aİstanbul :
_bÇamlıca Basım Yayın,
_c2011
300 _a128 p.
650 4 _aMimarlık ve Tasarım
650 4 _aArchitecture and Design
650 0 _aMimari, Osmanlı
650 0 _aArchitecture, Ottoman
650 7 _aARCHITECTURE / General
_2bisacsh
700 1 _aOvalıoğlu, İlhan
700 1 _aKılınç, Selman
856 4 0 _uhttp://search.ebscohost.com/login.aspx?direct=true&scope=site&db=e011xww&AN=645362
999 _c8112
_d8112